skbl

Dr Suryya Kumar Bhuyan Library Web-OPAC
ডঃ সূৰ্য্য
কুমাৰ ভূঞা পুথিভঁৰাল ৱেব-অ'পেক

All Research Scholars are advised to clear the annual library fees to continue using Library Resources, Remote Access, Plagiarism Test and Library Clearance.

Cotton University Book Fair 2026

Gador Pratiksha / (Record no. 4538)

MARC details
000 -LEADER
fixed length control field 00911nam a2200337Ia 4500
001 - CONTROL NUMBER
control field 4551
005 - DATE AND TIME OF LATEST TRANSACTION
control field 20240113233743.0
007 - PHYSICAL DESCRIPTION FIXED FIELD--GENERAL INFORMATION
fixed length control field ta
008 - FIXED-LENGTH DATA ELEMENTS--GENERAL INFORMATION
fixed length control field 050613s1994 a g b000 u asm u
020 ## - INTERNATIONAL STANDARD BOOK NUMBER
Terms of availability HB
040 ## - CATALOGING SOURCE
Original cataloging agency Cotton College,Assam
041 ## - LANGUAGE CODE
Language code of text/sound track or separate title asm
Language code of original asm
082 ## - DEWEY DECIMAL CLASSIFICATION NUMBER
Classification number 891.413
Item number Bh 469 Go
100 ## - MAIN ENTRY--PERSONAL NAME
Personal name Bharali, Sailen .
245 #0 - TITLE STATEMENT
Title Gador Pratiksha /
Statement of responsibility, etc. Sailen Bharali.
Medium Textual Documents
250 ## - EDITION STATEMENT
Edition statement 1st ed. /
260 ## - PUBLICATION, DISTRIBUTION, ETC.
Place of publication, distribution, etc. Guwahati :
Name of publisher, distributor, etc. Bani Prakash Pvt Ltd ,
Date of publication, distribution, etc. 1994.
300 ## - PHYSICAL DESCRIPTION
Extent 64p. :
Other physical details ill. ;
Dimensions 22cm .
500 ## - GENERAL NOTE
General note It is an Assamese translation of Waiting of Godot by Samual Backet
653 ## - INDEX TERM--UNCONTROLLED
Uncontrolled term Assamese Novel
653 ## - INDEX TERM--UNCONTROLLED
Uncontrolled term Assamese Literature
653 ## - INDEX TERM--UNCONTROLLED
Uncontrolled term Assamese Fiction
653 ## - INDEX TERM--UNCONTROLLED
Uncontrolled term PG-Assamese
653 ## - INDEX TERM--UNCONTROLLED
Uncontrolled term G-Assamese
700 ## - ADDED ENTRY--PERSONAL NAME
Personal name Backett, Samuel .
942 ## - ADDED ENTRY ELEMENTS (KOHA)
Source of classification or shelving scheme Dewey Decimal Classification
Koha item type Books
Holdings
Withdrawn status Lost status Damaged status Not for loan Collection Home library Current library Date acquired Coded location qualifier Total checkouts Full call number Barcode Date last seen Copy number Price effective from Koha item type
          Dr. Suryya Kumar Bhuyan Library Dr. Suryya Kumar Bhuyan Library 01/02/2012 00000   891.413 Bh 469 Go 83153 13/01/2024 2 01/02/2012 Books
          Dr. Suryya Kumar Bhuyan Library Dr. Suryya Kumar Bhuyan Library 01/02/2012 00000   891.413 Bh 469 Go 4303/As 13/01/2024 1 01/02/2012 Books
          Dr. Suryya Kumar Bhuyan Library Dr. Suryya Kumar Bhuyan Library 01/02/2012 00000   891.413 Bh 469 Go 83152 13/01/2024 3 01/02/2012 Books

Designed and Maintained by Team SKBL
©1901-2026

Powered by Koha